| 000 | 00398nam a22001457a 4500 | ||
|---|---|---|---|
| 003 | OSt | ||
| 005 | 20220325151547.0 | ||
| 008 | 220325b |||||||| |||| 00| 0 eng d | ||
| 020 | _a0851985173 | ||
| 040 | _cHU | ||
| 245 | _aPlant pathologist's pocketbook | ||
| 260 |
_aLondon _b Commonwealth Mycological Institute (Great Britain) _c1983 |
||
| 300 |
_aviii,439 p _bpc _c21 |
||
| 942 |
_2ddc _cBOOKS _n0 |
||
| 999 |
_c33635 _d33635 |
||